| 000 | 00378nam a2200133Ia 4500 | ||
|---|---|---|---|
| 008 | 220217s9999||||xx |||||||||||||| ||und|| | ||
| 020 | _a978-81-7649-830-2 | ||
| 082 | _a510 CLA | ||
| 100 |
_aClawson, Calvin, C _95667 |
||
| 245 | 0 | _aMathematical sorcery revealing the secrets of numbers | |
| 260 |
_aViva Books _bNew Delhi _c2004 |
||
| 300 | _b295 | ||
| 650 | _aMATHEMATICS | ||
| 999 |
_c176738 _d176738 |
||